[Event "Lombardia-ch"]
[Site "Monza"]
[Date "2005.05.15"]
[Round "3"]
[White "Peluso, Lorenzo"]
[Black "Pisani, Gennaro"]
[Result "1/2-1/2"]
[WhiteElo "1428"]
[BlackElo "1526"]
[PlyCount "56"]
[EventDate "2005.05.14"]
[EventType "swiss"]
[EventRounds "6"]
[EventCountry "ITA"]
[SourceTitle "EXT 2007"]
[Source "ChessBase"]
[SourceDate "2006.11.23"]
[SourceVersion "1"]
[SourceVersionDate "2006.11.23"]
[SourceQuality "1"]

1. e4 c5 2. c3 e5 3. Nf3 d6 4. d4 cxd4 5. cxd4 exd4 6. Nxd4 Nf6 7. Nc3 Bg4 8. Be3 Qd7 9. Bb5 Bxd1 10. Bxd7+ Nbxd7 11. Nxd1 Nc5 12. 0-0 Nd3 13. Nc3 a6 14. Rad1 Ne5 15. Nd5 Nxd5 16. exd5 Be7 17. Nf5 Rg8 18. Bf4 g6 19. Bxe5 gxf5 20. Bf4 Kd7 21. Rc1 Rac8 22. Rxc8 Rxc8 23. Rc1 Rxc1+ 24. Bxc1 Bf6 25. b3 Bd4 26. Kf1 Kc7 27. Bf4 Be5 28. Bd2 Kb6 1/2-1/2